000 00577nam a2200205Ia 4500
005 20260429112050.0
008 260429s9999||||xx |||||||||||||| ||und||
020 _a9781835357583
041 _aEnglish
082 _a158.7
_bDOM
100 _aDominguez, Osvaldo
245 0 _aIndustrial psychology and organizational behaviour /
_cOsvaldo Dominguez
250 _a1st ed.
260 _aLondon :
_bETP ED- Tech Press,
_c2025.
300 _ax, 282 p.; hb
650 _a Management
650 _a Organizational behavior
650 _aIndustrial psychology
942 _cTB
999 _c52163
_d52163